| 000 | 00744cam a2200253 i 4500 | ||
|---|---|---|---|
| 999 |
_c529991 _d529991 |
||
| 001 | 317910 | ||
| 003 | NUST | ||
| 005 | 20191008130017.0 | ||
| 008 | 750319r1975 nyub 000 1 eng | ||
| 010 | _a 74033988 | ||
| 020 |
_a0385110030 : _c$6.96 |
||
| 038 | _awaseem | ||
| 040 |
_aDLC _cDLC _dDLC |
||
| 050 | 0 | 0 |
_aPZ4.M1626 _bCi3 _aPR6063.A248 |
| 082 | 0 | 0 |
_a823.914 _bMAC |
| 100 | 1 |
_aMacLean, Alistair, _d1922-1987. _923184 |
|
| 245 | 1 | 0 |
_aCircus / _cAlistair MacLean. |
| 250 | _a1st ed. in the U.S.A. | ||
| 260 |
_aGarden City, N.Y. : _bDoubleday, _c1975. |
||
| 300 |
_a192 p. : _bmap (on lining paper) ; _c22 cm. |
||
| 655 | 7 |
_aAdventure stories. _2gsafd _96723 |
|
| 906 |
_a7 _bcbc _corignew _d1 _eocip _f19 _gy-gencatlg |
||
| 942 |
_2ddc _cBK |
||